Devinez la Capitale Mystère #20 - Statistiques

Statistiques générales
  • Ce quiz a été pris 217 fois
  • Le résultat moyen est 30 sur 33
Statistiques - réponses
Type de Réponse Réponse % Correct
Lettre de l'Alphabet I
100%
Lettre de l'Alphabet R
100%
Lettre Trouvée A
99%
Lettre de l'Alphabet E
98%
Lettre de l'Alphabet L
98%
Lettre de l'Alphabet N
98%
Lettre de l'Alphabet S
98%
Lettre Trouvée O
97%
Lettre de l'Alphabet M
96%
Lettre de l'Alphabet P
96%
Lettre Trouvée B
95%
Lettre de l'Alphabet D
95%
Lettre Bien Placée O
94%
Lettre de l'Alphabet U
94%
Lettre de l'Alphabet C
92%
Lettre Trouvée G
92%
Lettre Trouvée T
92%
Lettre Bien Placée B
91%
Lettre de l'Alphabet K
90%
Lettre de l'Alphabet H
88%
Lettre de l'Alphabet V
86%
Lettre Bien Placée Á
85%
Lettre de l'Alphabet W
85%
Lettre de l'Alphabet X
85%
Lettre de l'Alphabet Y
85%
Lettre Bien Placée G
84%
Lettre Bien Placée O
84%
Lettre de l'Alphabet J
82%
Lettre Bien Placée T
82%
Lettre de l'Alphabet Z
82%
Lettre de l'Alphabet F
80%
Capitale Mystère Bogotá
79%
Lettre de l'Alphabet Q
79%
Aucun quiz correspondant
Distribution des résultats
% des personnes avec chaque résultat
Percentile par nombre de réponses
Votre historique - résultats
Vous n’avez pas pris ce quiz